[Event "Sheffield op"]
[Site "Sheffield"]
[Date "2024.04.14"]
[Round "8"]
[White "Arkell, Keith C"]
[Black "Britton, Richard"]
[Result "1-0"]
[WhiteElo "2362"]
[BlackElo "2097"]
[PlyCount "105"]
[EventDate "2024.04.10"]
[EventType "swiss"]
[EventRounds "9"]
[EventCountry "ENG"]
[SourceTitle "CB16_2024"]
[SourceDate "2024.04.17"]
[SourceVersion "1"]
[SourceVersionDate "2024.04.17"]
[SourceQuality "1"]

1. d4 Nf6 2. Nf3 e6 3. c4 b6 4. g3 Ba6 5. b3 Bb4+ 6. Bd2 Be7 7. Nc3 d5 8. cxd5 exd5 9. Bg2 0-0 10. 0-0 c5 11. Rc1 Nc6 12. dxc5 bxc5 13. Bg5 Ne4 14. Bxe7 Nxe7 15. Nxe4 dxe4 16. Ng5 Qxd1 17. Rfxd1 Bxe2 18. Rd7 Ng6 19. Bxe4 Rad8 20. Rxa7 h6 21. Bf3 Bd3 22. Ne4 Ne5 23. Bg2 c4 24. bxc4 Rd4 25. Nc5 Bxc4 26. f4 Rfd8 27. Ra8 Rxa8 28. Bxa8 Ng4 29. Bf3 Nf6 30. a4 Nd5 31. a5 Nc7 32. Bb7 Bd5 33. a6 Bxb7 34. axb7 Rb4 35. Rd1 Kh7 36. Rd8 Na6 37. Nxa6 Rxb7 38. Rd2 Ra7 39. Nc5 Rc7 40. Ne4 Ra7 41. f5 Ra4 42. Nd6 Ra7 43. Kg2 Re7 44. g4 Ra7 45. Rd3 Rc7 46. h4 Ra7 47. Kg3 Rc7 48. g5 hxg5 49. hxg5 Ra7 50. Kf4 Ra4+ 51. Ne4 Ra5 52. g6+ fxg6 53. Ng5+ 1-0

[Event "Hull 4NCL op-A"]
[Site "Hull"]
[Date "2023.09.10"]
[Round "5"]
[White "Britton, Richard"]
[Black "Phillips, David"]
[Result "1/2-1/2"]
[WhiteElo "2107"]
[BlackElo "1852"]
[PlyCount "33"]
[EventDate "2023.09.08"]
[EventType "swiss"]
[EventRounds "5"]
[EventCountry "ENG"]
[SourceTitle "EXT 2024"]
[Source "ChessBase"]
[SourceDate "2023.10.10"]
[SourceVersion "1"]
[SourceVersionDate "2023.10.10"]
[SourceQuality "1"]

1. e4 c6 2. Nf3 d5 3. exd5 cxd5 4. Ne5 Nf6 5. d4 Nc6 6. Bb5 Bd7 7. Nxd7 Qxd7 8. 0-0 e6 9. Re1 Bd6 10. c3 0-0 11. Nd2 a6 12. Bf1 b5 13. a3 Rfe8 14. Nf3 Ne4 15. Nd2 Nf6 16. Nf3 Ne4 17. Nd2 1/2-1/2

[Event "Hastings Masters op"]
[Site "Hastings"]
[Date "2023.01.05"]
[Round "9"]
[White "Gordon, Frederick"]
[Black "Britton, Richard"]
[Result "1-0"]
[WhiteElo "2069"]
[BlackElo "2091"]
[PlyCount "67"]
[EventDate "2022.12.28"]
[EventType "swiss"]
[EventRounds "10"]
[EventCountry "ENG"]
[SourceTitle "CBM 212 Extra"]
[Source "ChessBase"]
[SourceDate "2023.03.31"]
[SourceVersion "1"]
[SourceVersionDate "2023.03.31"]
[SourceQuality "1"]

1. d4 Nf6 2. c4 e6 3. Nc3 Bb4 4. e3 0-0 5. Nge2 c6 6. a3 Ba5 7. b4 Bc7 8. e4 d6 9. h3 a5 10. Be3 e5 11. d5 cxd5 12. exd5 axb4 13. axb4 Rxa1 14. Qxa1 Na6 15. Qb1 Nd7 16. Nb5 f5 17. Nec3 Nf6 18. Bd3 g6 19. Bh6 Rf7 20. 0-0 Bb6 21. Na4 Bc7 22. Rd1 Ne8 23. f4 Bb6+ 24. Nxb6 Qxb6+ 25. Kh2 e4 26. Be2 Bd7 27. Rc1 Bxb5 28. cxb5 Nac7 29. Qa1 Rd7 30. Rc2 Qe3 31. Bc4 Kf7 32. Qh8 Ke7 33. Qxh7+ Kd8 34. Qxg6 1-0

[Event "Hastings Masters op"]
[Site "Hastings"]
[Date "2023.01.04"]
[Round "8"]
[White "Britton, Richard"]
[Black "Cherniaev, Alexander"]
[Result "0-1"]
[WhiteElo "2091"]
[BlackElo "2374"]
[PlyCount "138"]
[EventDate "2022.12.28"]
[EventType "swiss"]
[EventRounds "10"]
[EventCountry "ENG"]
[SourceTitle "CBM 212 Extra"]
[Source "ChessBase"]
[SourceDate "2023.03.31"]
[SourceVersion "1"]
[SourceVersionDate "2023.03.31"]
[SourceQuality "1"]

1. e4 c5 2. Nf3 Nc6 3. d4 cxd4 4. Nxd4 Nf6 5. Nc3 d6 6. g3 g6 7. Nde2 Bg7 8. Bg2 0-0 9. 0-0 Rb8 10. Bg5 h6 11. Bf4 Nd7 12. a4 a6 13. Qc1 Kh7 14. Bd2 b5 15. axb5 axb5 16. Nd5 b4 17. c3 Nde5 18. Nd4 bxc3 19. bxc3 Bd7 20. Nxc6 Bxc6 21. Ra7 Bb5 22. c4 Bxc4 23. Ba5 Qe8 24. Rd1 Nc6 25. Rxe7 Nxe7 26. Qxc4 Nxd5 27. Qxd5 Rb5 28. Qd2 Qb8 29. Bf1 Rb2 30. Qxd6 Qa7 31. Be1 Rc8 32. Qf4 Qe7 33. h4 h5 34. Bh3 Rc7 35. Qf3 Ra7 36. Bd2 Rab7 37. Bg5 Qb4 38. Be3 Rb3 39. Qf4 Qa4 40. Rd5 R3b4 41. Bg2 Qe8 42. Qf3 Rd7 43. Qd1 Rxd5 44. Qxd5 Rb8 45. Bf3 Rd8 46. Qc4 Qd7 47. Kg2 Kg8 48. Bg5 Rc8 49. Qa2 Bd4 50. Bf4 Qe7 51. Qd5 Qa7 52. e5 Rc2 53. e6 Rxf2+ 54. Kh3 fxe6 55. Qxe6+ Qf7 56. Qxf7+ Kxf7 57. Be4 Kg7 58. Bb1 Rb2 59. Be4 Rb5 60. Bd3 Ra5 61. Be4 Be5 62. Bxe5+ Rxe5 63. Bc2 Kf6 64. Bb1 Re3 65. Kg2 g5 66. hxg5+ Kxg5 67. Kf2 Rb3 68. Be4 Kg4 69. Bg6 Rf3+ 0-1

[Event "Hull 4NCL op"]
[Site "Hull"]
[Date "2022.10.16"]
[Round "5"]
[White "Hryshchenko, Kamila"]
[Black "Britton, Richard"]
[Result "1-0"]
[WhiteElo "2136"]
[BlackElo "2132"]
[PlyCount "41"]
[EventDate "2022.10.14"]
[EventType "swiss"]
[EventRounds "5"]
[EventCountry "ENG"]
[SourceTitle "CBM 210 Extra"]
[Source "ChessBase"]
[SourceDate "2022.11.30"]
[SourceVersion "1"]
[SourceVersionDate "2022.11.30"]
[SourceQuality "1"]

1. e4 c5 2. d3 Nc6 3. Be2 g6 4. f4 Bg7 5. Nf3 d6 6. c3 Nf6 7. 0-0 b5 8. Qe1 b4 9. Kh1 a5 10. Nbd2 bxc3 11. bxc3 Ba6 12. d4 cxd4 13. cxd4 Nd7 14. Bxa6 Rxa6 15. e5 dxe5 16. fxe5 f6 17. Qe2 Ra8 18. Nc4 Rc8 19. Nd6+ exd6 20. exf6+ Kf8 21. Ng5 1-0

[Event "Stevenage 4NCL Easter op"]
[Site "Stevenage"]
[Date "2019.04.20"]
[Round "2"]
[White "Eames, Robert"]
[Black "Britton, Richard"]
[Result "1/2-1/2"]
[WhiteElo "2134"]
[BlackElo "2181"]
[PlyCount "26"]
[EventDate "2019.04.19"]
[EventType "swiss"]
[EventRounds "7"]
[EventCountry "ENG"]
[SourceTitle "CBM 189 Extra"]
[Source "ChessBase"]
[SourceDate "2019.06.03"]
[SourceVersion "1"]
[SourceVersionDate "2019.06.03"]
[SourceQuality "1"]

1. d4 Nf6 2. c4 g6 3. Nc3 Bg7 4. e4 d6 5. Nf3 0-0 6. Be2 e5 7. d5 Na6 8. 0-0 Nc5 9. Qc2 a5 10. Bg5 c6 11. Nd2 cxd5 12. cxd5 Bd7 13. Nc4 Qc7 1/2-1/2

[Event "London Classic op 10th"]
[Site "London"]
[Date "2018.12.16"]
[Round "9"]
[White "Britton, Richard"]
[Black "Cherniaev, Alexander"]
[Result "0-1"]
[WhiteElo "2186"]
[BlackElo "2393"]
[PlyCount "108"]
[EventDate "2018.12.09"]
[EventType "swiss"]
[EventRounds "9"]
[EventCountry "ENG"]
[SourceTitle "CBM 187 Extra"]
[Source "ChessBase"]
[SourceDate "2018.11.04"]
[SourceVersion "1"]
[SourceVersionDate "2018.11.04"]
[SourceQuality "1"]

1. e4 g6 2. d4 Bg7 3. Nc3 a6 4. f4 b5 5. Nf3 d6 6. Bd3 Nd7 7. 0-0 c5 8. Be3 Ngf6 9. h3 c4 10. Be2 Bb7 11. e5 Nd5 12. Qd2 N7b6 13. Nxd5 Bxd5 14. c3 e6 15. Nh2 f5 16. exf6 Qxf6 17. Rae1 0-0 18. Bd1 Rae8 19. Bc2 Qe7 20. Bf2 Rf7 21. Bg3 Qf8 22. Bb1 Nd7 23. Ng4 Nf6 24. Nxf6+ Bxf6 25. Rf2 Bg7 26. Be4 Bxe4 27. Rxe4 d5 28. Ree2 Rb7 29. Qe1 Rb6 30. Rf3 b4 31. Bh2 bxc3 32. bxc3 Qf7 33. g4 Qb7 34. Rf1 Kh8 35. Kh1 Rf8 36. Rxe6 Rxe6 37. Qxe6 Qb2 38. f5 Qxc3 39. f6 Bh6 40. g5 Qd3 41. Qe1 Bxg5 42. f7 h5 43. Kg2 Qe3 44. Qxe3 Bxe3 45. Be5+ Kh7 46. Rf3 Bd2 47. Kf2 Bb4 48. Rf6 c3 49. Ke2 Rc8 50. Rf1 Ba3 51. Bf4 c2 52. h4 Kg7 53. Be5+ Kf8 54. Bf4 c1Q 0-1

[Event "London Classic op 10th"]
[Site "London"]
[Date "2018.12.12"]
[Round "4"]
[White "Gerlach, Felix Tobias"]
[Black "Britton, Richard"]
[Result "1/2-1/2"]
[WhiteElo "2050"]
[BlackElo "2186"]
[PlyCount "83"]
[EventDate "2018.12.09"]
[EventType "swiss"]
[EventRounds "9"]
[EventCountry "ENG"]
[SourceTitle "CBM 187 Extra"]
[Source "ChessBase"]
[SourceDate "2018.11.04"]
[SourceVersion "1"]
[SourceVersionDate "2018.11.04"]
[SourceQuality "1"]

1. c4 Nf6 2. g3 g6 3. Bg2 Bg7 4. Nc3 0-0 5. e4 c5 6. Nge2 Nc6 7. 0-0 d6 8. d3 a6 9. h3 Ne8 10. Be3 e5 11. f4 exf4 12. Nxf4 Nc7 13. a4 Rb8 14. Nfd5 Nxd5 15. cxd5 Nd4 16. Rb1 a5 17. Qd2 b5 18. Nxb5 Nxb5 19. axb5 Rxb5 20. d4 cxd4 21. Bxd4 Bxd4+ 22. Qxd4 Rb4 23. Qa7 Rb3 24. g4 Bd7 25. Rf2 Bb5 26. Rc1 Qg5 27. Rc7 Qe3 28. Qxe3 Rc3 29. Qd3 Rxd3 30. Rf4 Re3 31. Rf6 Bd3 32. Rxd6 Re1+ 33. Kh2 Re2 34. Kg3 Bxe4 35. Bxe4 Rxe4 36. Ra6 Rb8 37. Rxa5 Rb3+ 38. Rc3 Rxb2 39. Ra7 Rd2 40. Rf3 f5 41. gxf5 Rxd5 42. fxg6 1/2-1/2

[Event "Telford 4NCL op"]
[Site "Telford"]
[Date "2018.11.04"]
[Round "8"]
[White "White, Stuart A"]
[Black "Britton, Richard"]
[Result "1/2-1/2"]
[WhiteElo "2113"]
[BlackElo "2204"]
[PlyCount "100"]
[EventDate "2018.10.31"]
[EventType "swiss"]
[EventRounds "9"]
[EventCountry "ENG"]
[SourceTitle "CBM 187 Extra"]
[Source "ChessBase"]
[SourceDate "2018.11.04"]
[SourceVersion "1"]
[SourceVersionDate "2018.11.04"]
[SourceQuality "1"]

1. d4 Nf6 2. c4 g6 3. Nf3 Bg7 4. g3 0-0 5. Bg2 d6 6. Nc3 Nc6 7. 0-0 e5 8. dxe5 dxe5 9. Bg5 Be6 10. Qc1 Qc8 11. Rd1 Nd7 12. b3 f6 13. Bh6 Rf7 14. Bxg7 Kxg7 15. Qa3 Qf8 16. Qxf8+ Raxf8 17. Nd2 Ndb8 18. Nde4 b6 19. Nd5 h6 20. Nec3 Nd8 21. Rd2 c6 22. Nb4 Rd7 23. Rxd7+ Bxd7 24. Rd1 Be6 25. Rd6 Kf7 26. Kf1 Ke7 27. Rd2 g5 28. Nd3 Nf7 29. Ke1 f5 30. f4 gxf4 31. gxf4 e4 32. Nb4 Rg8 33. e3 a5 34. Nc2 Na6 35. Kf2 Nc5 36. Bf1 h5 37. Nd4 Bd7 38. a3 Nh6 39. h3 h4 40. b4 Nd3+ 41. Bxd3 exd3 42. Nf3 Rg3 43. Rxd3 Rxh3 44. Ne2 Rh1 45. Kg2 Ra1 46. Nxh4 axb4 47. axb4 Ra2 48. Kf1 Ra1+ 49. Kg2 Ra2 50. Kf1 Ra1+ 1/2-1/2

[Event "Telford 4NCL op"]
[Site "Telford"]
[Date "2018.11.01"]
[Round "2"]
[White "Paul, Nathanael"]
[Black "Britton, Richard"]
[Result "1-0"]
[WhiteElo "1890"]
[BlackElo "2204"]
[PlyCount "57"]
[EventDate "2018.10.31"]
[EventType "swiss"]
[EventRounds "9"]
[EventCountry "ENG"]
[SourceTitle "CBM 187 Extra"]
[Source "ChessBase"]
[SourceDate "2018.11.04"]
[SourceVersion "1"]
[SourceVersionDate "2018.11.04"]
[SourceQuality "1"]

1. e4 c5 2. a3 b6 3. b4 Bb7 4. Nc3 e6 5. Bb2 d6 6. Nf3 Nd7 7. Bc4 Ngf6 8. Qe2 Be7 9. Ba6 Qc8 10. Bxb7 Qxb7 11. 0-0 0-0 12. d3 Rfe8 13. bxc5 Nxc5 14. e5 dxe5 15. Nxe5 Rac8 16. Rad1 Qa6 17. Nb1 Red8 18. c4 Na4 19. Ba1 b5 20. Rc1 Qb7 21. Rfe1 a6 22. Kh1 Nc5 23. Nd2 Ncd7 24. Nxf7 Rf8 25. Ng5 Bxa3 26. Qxe6+ Kh8 27. Nf7+ Rxf7 28. Qxf7 Bxc1 29. Re7 1-0

[Event "South Wales op 15th"]
[Site "Cardiff"]
[Date "2018.07.12"]
[Round "9"]
[White "Britton, Richard"]
[Black "Marusenko, Petr"]
[Result "1-0"]
[WhiteElo "2249"]
[BlackElo "2144"]
[PlyCount "43"]
[EventDate "2018.07.07"]
[EventType "swiss"]
[EventRounds "9"]
[EventCountry "WLS"]
[SourceTitle "EXT 2019"]
[Source "ChessBase"]
[SourceDate "2018.10.10"]
[SourceVersion "1"]
[SourceVersionDate "2018.10.10"]
[SourceQuality "1"]

1. e4 c6 2. d4 d5 3. Nc3 dxe4 4. Nxe4 Nd7 5. Ng5 Ngf6 6. Bd3 e6 7. Qe2 Bd6 8. N1f3 h6 9. Ne4 Nxe4 10. Qxe4 Nf6 11. Qe2 b6 12. Bd2 Bb7 13. 0-0-0 Qc7 14. Kb1 0-0-0 15. Rhe1 c5 16. dxc5 Bxc5 17. Ne5 Nd5 18. a3 Bd6 19. f4 Rhf8 20. g3 Ne7 21. Nxf7 Rd7 22. Qxe6 1-0

[Event "South Wales op 15th"]
[Site "Cardiff"]
[Date "2018.07.08"]
[Round "3"]
[White "Britton, Richard"]
[Black "Dambrauskas, Virginijus A"]
[Result "1-0"]
[WhiteElo "2249"]
[BlackElo "2301"]
[PlyCount "59"]
[EventDate "2018.07.07"]
[EventType "swiss"]
[EventRounds "9"]
[EventCountry "WLS"]
[SourceTitle "EXT 2019"]
[Source "ChessBase"]
[SourceDate "2018.10.10"]
[SourceVersion "1"]
[SourceVersionDate "2018.10.10"]
[SourceQuality "1"]

1. e4 c5 2. Nf3 e6 3. d3 Nc6 4. g3 Nf6 5. Bg2 d5 6. Nbd2 Be7 7. 0-0 0-0 8. Re1 b5 9. e5 Nd7 10. Nf1 a5 11. h4 a4 12. a3 b4 13. Bf4 Qa5 14. h5 Ba6 15. h6 g6 16. Ne3 Rfd8 17. Ng4 c4 18. d4 c3 19. bxc3 bxa3 20. Qd2 Rdc8 21. Bh3 Nd8 22. Bg5 Bf8 23. Qf4 Qxc3 24. Bxd8 Be2 25. Ng5 f5 26. exf6 Rxd8 27. Ne5 Ra6 28. Nxd7 Bxh6 29. f7+ Kh8 30. Qf6+ 1-0